[Event "SRB-chT3 North CS"]
[Site "Serbia"]
[Date "2017.10.13"]
[Round "7.2"]
[White "Petrovic, Dejan"]
[Black "Jovanovic, Stefan"]
[Result "1/2-1/2"]
[WhiteElo "1958"]
[BlackElo "1670"]
[PlyCount "94"]
[EventDate "2017.09.03"]
[EventType "team-tourn"]
[EventRounds "11"]
[EventCountry "SRB"]
[SourceTitle "EXT 2021"]
[Source "ChessBase"]
[SourceDate "2020.10.23"]
[SourceVersion "1"]
[SourceVersionDate "2020.10.23"]
[SourceQuality "1"]

1. d4 d5 2. Nf3 Nf6 3. Bf4 c6 4. e3 Bf5 5. c4 dxc4 6. Bxc4 e6 7. Qb3 b5 8. Be2 Nbd7 9. 0-0 Be7 10. a4 a6 11. Nbd2 Nh5 12. Be5 0-0 13. Rfc1 Rc8 14. h3 Nhf6 15. axb5 cxb5 16. Bd3 Bxd3 17. Qxd3 Nd5 18. Ne4 Qb6 19. Neg5 g6 20. Ne4 Nb4 21. Qb3 a5 22. h4 Nxe5 23. Nxe5 Qb7 24. Nc5 Bxc5 25. Rxc5 Rxc5 26. dxc5 Rc8 27. Rxa5 Rxc5 28. Qxb4 Rxe5 29. Qc3 Rd5 30. f3 b4 31. Qf6 Rxa5 32. Qd8+ Kg7 33. Qxa5 h5 34. b3 Qb8 35. Kf2 Qd6 36. Qa1+ e5 37. Qb2 Kg8 38. Ke2 Qe7 39. g3 Qc5 40. Qd2 Kg7 41. f4 exf4 42. gxf4 Qe7 43. Qb2+ Kg8 44. Qd4 Qb7 45. Kf2 Qb5 46. Qd8+ Kg7 47. Qd4+ Kg8 1/2-1/2

[Event "SRB-chT Cup"]
[Site "Kragujevac"]
[Date "2016.04.23"]
[Round "5.4"]
[White "Markovic, Predrag M"]
[Black "Petrovic, Dejan"]
[Result "0-1"]
[WhiteElo "1808"]
[BlackElo "1941"]
[PlyCount "44"]
[EventDate "2016.04.20"]
[EventType "team-swiss"]
[EventRounds "7"]
[EventCountry "SRB"]
[SourceTitle "CBM 172 Extra"]
[Source "ChessBase"]
[SourceDate "2016.06.21"]
[SourceVersion "1"]
[SourceVersionDate "2016.06.21"]
[SourceQuality "1"]
[WhiteTeam "Kragujevac Palilule"]
[BlackTeam "Cumic Prota"]
[WhiteTeamCountry "SRB"]
[BlackTeamCountry "SRB"]

1. e4 b6 2. Nc3 Bb7 3. f4 e6 4. Nf3 Nf6 5. e5 Nd5 6. Nxd5 Bxd5 7. c4 Bb7 8. d4 d5 9. Bd3 dxc4 10. Bxc4 Be7 11. Bb5+ c6 12. Bd3 c5 13. 0-0 0-0 14. Ng5 Qxd4+ 15. Kh1 Bxg5 16. fxg5 Qxe5 17. Qc2 g6 18. b3 Nc6 19. Bf4 Qd4 20. Rad1 Nb4 21. Qe2 Nxd3 22. Rxd3 Ba6 0-1

[Event "SRB-chT Cup"]
[Site "Kragujevac"]
[Date "2016.04.21"]
[Round "2.4"]
[White "Petrovic, Dejan"]
[Black "Cabarkapa, Miomir"]
[Result "0-1"]
[WhiteElo "1941"]
[BlackElo "2180"]
[PlyCount "88"]
[EventDate "2016.04.20"]
[EventType "team-swiss"]
[EventRounds "7"]
[EventCountry "SRB"]
[SourceTitle "CBM 172 Extra"]
[Source "ChessBase"]
[SourceDate "2016.06.21"]
[SourceVersion "1"]
[SourceVersionDate "2016.06.21"]
[SourceQuality "1"]
[WhiteTeam "Cumic Prota"]
[BlackTeam "Ljig Spartak"]
[WhiteTeamCountry "SRB"]
[BlackTeamCountry "SRB"]

1. d4 Nf6 2. c4 g6 3. Nf3 Bg7 4. Nc3 d5 5. e3 0-0 6. Be2 c6 7. 0-0 e6 8. b3 Ne4 9. Nxe4 dxe4 10. Nd2 f5 11. Bb2 c5 12. Re1 cxd4 13. exd4 Bxd4 14. Bxd4 Qxd4 15. Nf1 Nc6 16. a3 a5 17. Qc2 Qf6 18. Rad1 Nd4 19. Rxd4 Qxd4 20. Rd1 Qf6 21. c5 Rd8 22. Bc4 Rxd1 23. Qxd1 Qe7 24. Qd4 Bd7 25. Qe5 Kf7 26. Ne3 Rd8 27. g3 Bc6 28. b4 axb4 29. axb4 Qf6 30. Qc7+ Rd7 31. Qb6 Qd8 32. Qa7 b5 33. Qa6 bxc4 34. Qxc6 c3 35. Qa4 Rd2 36. h4 Qd4 37. Qa7+ Kg8 38. Qa4 Kg7 39. Qe8 Qf6 40. Qa4 c2 41. Nxc2 f4 42. Qa7+ Kh6 43. Qc7 Rxc2 44. b5 e5 0-1

[Event "Gligoric Cup 2nd"]
[Site "Kragujevac"]
[Date "2014.12.08"]
[Round "3.4"]
[White "Petrovic, Dejan"]
[Black "Kovacevic, Djordje"]
[Result "1/2-1/2"]
[WhiteElo "1871"]
[BlackElo "2092"]
[PlyCount "141"]
[EventDate "2014.12.06"]
[EventType "team-tourn"]
[EventRounds "9"]
[EventCountry "SRB"]
[SourceTitle "CBM 164 Extra"]
[Source "ChessBase"]
[SourceDate "2015.03.02"]
[SourceVersion "1"]
[SourceVersionDate "2015.03.02"]
[SourceQuality "1"]
[WhiteTeam "Cumic Prota"]
[BlackTeam "Stara Pazova"]
[WhiteTeamCountry "SRB"]
[BlackTeamCountry "SRB"]

1. d4 Nf6 2. Nf3 d5 3. Bf4 c5 4. e3 Qb6 5. Qc1 Nc6 6. dxc5 Qxc5 7. Bd3 Nd7 8. Be2 e5 9. Bg3 h5 10. h3 h4 11. Bh2 f6 12. c3 Nb6 13. Nbd2 Bf5 14. Nb3 Qe7 15. c4 Qb4+ 16. Nfd2 dxc4 17. Bxc4 Nxc4 18. Qxc4 Qxc4 19. Nxc4 Bb4+ 20. Ke2 b5 21. Na3 Rd8 22. Rhd1 a6 23. Rac1 Rxd1 24. Rxd1 Ke7 25. f3 Rc8 26. Rc1 Be6 27. Nc2 Bxb3 28. axb3 Na5 29. Kd3 Rd8+ 30. Ke4 Rc8 31. Kd3 Nxb3 32. Rd1 Bd6 33. Bg1 Nc5+ 34. Kd2 e4 35. Nd4 Be5 36. fxe4 Nxe4+ 37. Kd3 Nc5+ 38. Ke2 Na4 39. Rd2 Bxd4 40. exd4 Kd6 41. Kd3 Kd5 42. Bf2 g5 43. Be3 Nb6 44. b3 a5 45. Rf2 Ke6 46. Ra2 a4 47. bxa4 Nxa4 48. Ra3 Nb2+ 49. Ke4 f5+ 50. Kf3 f4 51. Rb3 Nc4 52. Bc1 Nd6 53. Ba3 Nf5 54. Ke4 Nd6+ 55. Bxd6 Kxd6 56. Rxb5 Re8+ 57. Kf5 Re2 58. Kxg5 Rxg2+ 59. Kxf4 Rg3 60. Ke4 Rxh3 61. Rb6+ Kd7 62. Rh6 Ra3 63. Rxh4 Ra6 64. Rh7+ Kd8 65. Ke5 Ke8 66. d5 Kd8 67. Rb7 Kc8 68. Re7 Kd8 69. Re6 Ra1 70. Rc6 Kd7 71. Rh6 1/2-1/2